LEADER 00867nam a2200253 i 4500 001 991001577399707536 005 20020502201559.0 008 950118s1992 it ||| | ita 020 $a883593639X 035 $ab11533419-39ule_inst 035 $aPRUMB63710$9ExL 040 $aDip. di SSSC - Didattica$bita 100 1 $aRodari, Gianni$0160819 245 13$aLe storie /$cGianni Rodari ; a cura di Alberto Asor Rosa 260 $aRoma :$bEditori Riuniti,$c1992 300 $a614 p. ;$c22 cm. 440 2$aI grandissimi [Editori Riuniti] 700 1 $aAsor Rosa, Alberto 907 $a.b11533419$b21-09-06$c01-07-02 912 $a991001577399707536 945 $aLE021 DI4D51$g1$i2021000182105$lle021$o-$pE0.00$q-$rl$s- $t0$u3$v1$w3$x0$y.i11731357$z01-07-02 996 $aStorie$9815295 997 $aUNISALENTO 998 $ale021$b01-01-95$cm$da $e-$fita$git $h3$i1 LEADER 01677oam 2200421Ia 450 001 9910698302403321 005 20080820092549.0 035 $a(CKB)4330000001272021 035 $a(OCoLC)173642297 035 $a(EXLCZ)994330000001272021 100 $a20071003d2007 ua 0 101 0 $aeng 135 $aurmn||||m|||| 181 $ctxt$2rdacontent 182 $cc$2rdamedia 183 $acr$2rdacarrier 200 10$aFactors affecting the occurrence and distribution of pesticides in the Yakima River basin, Washington, 2000$b[electronic resource] /$fby Henry M. Johnson 210 1$aReston, Va. :$cU.S. Dept. of the Interior, U.S. Geological Survey,$d2007. 215 $a1 electronic text (viii, 34 pages) $cHTML, digital, PDF file 225 1 $aScientific investigations report ;$v2007-5180 300 $aTitle from PDF title screen (viewed on Oct. 1, 2007). 300 $a"National Water-Quality Assessment Program." 300 $aIncludes plate. 320 $aIncludes bibliographical references. 606 $aPesticides$xEnvironmental aspects$zWashington (State)$zYakima River Watershed 606 $aWater$xPollution$zWashington (State)$zYakima River Watershed 615 0$aPesticides$xEnvironmental aspects 615 0$aWater$xPollution 700 $aJohnson$b Henry M$01398741 712 02$aNational Water-Quality Assessment Program (U.S.) 712 02$aGeological Survey (U.S.) 801 0$bGIS 801 1$bGIS 801 2$bGPO 906 $aBOOK 912 $a9910698302403321 996 $aFactors affecting the occurrence and distribution of pesticides in the Yakima River basin, Washington, 2000$93487323 997 $aUNINA